000
00397nam a22001817a 4500
003
MPLRDC
005
20220104142924.0
008
210129b ||||| |||| 00| 0 eng d
082
_a
177 FY
100
_a
方圆编著
245
_a
探究心
_c
250
_a
初版
260
_a
_b
国家出版社
_c
1982
300
_b
平
490
_a
书的世界;42
650
_a
942
_c
BK
_o
177 FY
999
_c
34906
_d
34896